| 000 | 00898nam a22002297a 4500 | ||
|---|---|---|---|
| 999 |
_c442 _d442 |
||
| 003 | AR-CdUCM | ||
| 008 | 190223b ||||| |||| 00| 0 spa d | ||
| 020 | _a9685805784 | ||
| 040 |
_aMUNICIPALIDAD PROVINCIAL DEL CUSCO _cBIBLIOTECA MUNICIPAL DEL CUSCO |
||
| 082 |
_a869.155 / _bD34 |
||
| 100 |
_aDe Maria, Alfonso _91741 |
||
| 245 |
_aJose Vasconcelos y la Universidad : _bIntroducción y selección de Alvaro Matute / _cDe Maria, Alfonso |
||
| 260 |
_aMexico : _bGrupo Edición, _c1987. |
||
| 300 |
_a217 paginas ; _c25cm. |
||
| 505 | _aAnticipos -- Discursos Universitarios -- Circulares y Acuerdos -- La escuela Nacional preparatoria -- Hacia Latinoamerica... | ||
| 650 |
_aIdeas contemporaneas _91742 |
||
| 650 |
_aPalabras a los maestros _91743 |
||
| 650 |
_aLa campaña contra el analfabetismo _91744 |
||
| 650 |
_aPlan de estudios _91745 |
||
| 942 |
_2ddc _cLIBROS |
||
| 945 |
_apjha _d2019-02-23 |
||